000 00540nam a2200193 a 4500
001 1771563656644
003 YourLibrary
005 20260220105811.0
008 260220s1996##################000#0#eng##
020 _a9781852787745
082 0 4 _a338.064
_bSAV
100 1 _aSaviotti, Paolo,
_eauthor.
245 1 0 _aTechnological Evolution, Variety, and the Economy :
260 _bEdward Elgar Publishing,
_c1996.
300 _a250 pages
650 0 _aBusiness & Economics.
942 _cENGLISH
040 _aYourLibrary
_beng
_cYourLibrary
999 _c613163
_d613163